Scientiae (Registro nro. 17109)
[ vista simple ]
| 000 -CABECERA | |
|---|---|
| Campo de control | 00242as aa2200097a 44500 |
| 090 ## - CLASIFICACIÓN LOCAL | |
| Colección | SERIADAS |
| Consecutivo | 00966 |
| 041 0# - IDIOMA | |
| Código de idioma para texto/pista de sonido o título separado | |
| 245 10 - MENCION DE TITULO | |
| Título | Scientiae |
| 260 ## - PUBLICACION, DISTRIBUCION, ETC. (PIE DE IMPRENTA) | |
| Nombre del editor, distribuidor, etc. | UniversidadNacional de Colombia. Facultad de Ciencias |
| Lugar de publicación, distribución, etc. | Colombia |
| 942 ## - ELEMENTOS ADICIONALES (KOHA) | |
| Tipo de ítem | Periodica o revista |
| Withdrawn status | Lost status | Sistema de Clasificación | Damaged status | No para préstamo | Colección | Fecha publicación (Año) | Volumen revista | Número revista | Inventariado | Ubicación Permanente | Ubicación actual | Fecha de adquisición | Fuente de Valor | Total Checkouts | Número topográfico | Inventario / Código de Barras | Date last seen | Ejemplar | Price effective from | Tipo de material |
|---|---|---|---|---|---|---|---|---|---|---|---|---|---|---|---|---|---|---|---|---|
| Dewey Decimal Classification | Hemeroteca | 1979 | 1 | 1 | Inventariado 2017 | Bogotá | Bogotá | 21/03/2001 | Fernández, Fernando | SERIADAS 00966 | 009274 | 25/03/2015 | 1 | 25/03/2015 | Periodica o revista |